000 00648nam a2200181Ia 4500
003 GCL
008 140319s9999 xx 000 0 ara d
040 _aGCL /
_cGCL
082 0 4 _aد
_b050
_bد هـ
245 1 0 _aالهلال سبتمبر 2006 : لبنان وطن و رسالة
260 _aالقاهرة :
_bدار الهلال للطباعة والنشر ،
_c2006
650 0 4 _aادب المهجر
650 0 4 _aلبنان - الاحوال السياسية
650 0 4 _aالاعتداء الاسرائيلى على لبنان
650 0 4 _aالصحفيون اللبنانيون
650 0 4 _aالسينما - لبنان
942 _2ddc
_cCR
999 _c8866
_d8866